|
|
|
|
| LEADER |
00000cam a2200000 7i4500 |
| 001 |
0000005189 |
| 002 |
000005604 |
| 005 |
20000330.0 |
| 020 |
|
|
|a 1560240308
|
| 090 |
0 |
0 |
|a 025.11
|b LIB
|
| 245 |
0 |
0 |
|a Library development :
|b afuture imperative
|c ed.by Dwight F.Burlingame
|
| 260 |
|
|
|a New York :
|b HHaeorth Press ,
|c 1990
|
| 300 |
|
|
|a 152p. ;
|c 22cm.
|
| 490 |
0 |
|
|a Has also been published as Journal of library administration,volume 12,Number 4 1990
|
| 650 |
0 |
0 |
|a Library fund raising
|x Library finance
|
| 700 |
1 |
|
|a Burlingame, Dwight
|
| 999 |
|
|
|a 031170
|b BUKU
|c RUJUKAN
|e PERPUSTAKAAN KOMUNITI PETALING JAYA
|